| 000 | nam a22 7a 4500 | ||
|---|---|---|---|
| 999 |
_c126534 _d126534 |
||
| 008 | 170725b xxu||||| |||| 00| 0 eng d | ||
| 050 | _aDK266.U5 | ||
| 100 |
_aUlam, Adam B. _933488 |
||
| 245 |
_aA history of Soviet Russia _c/ Adam B. Ulam |
||
| 260 |
_aNew York _bPraeger Publishers _c1976 |
||
| 300 |
_a319p. ; _c24cm. |
||
| 650 |
_aRussian _xHistory _y1917 _933489 |
||
| 942 |
_2lcc _cMONOGRAPH |
||